My top 40 players of all time - Statistics

General Stats
  • This quiz has been taken 15 times
    14 since last reset
  • The average score is 32 of 40
Answer Stats
# Team Player % Correct
20 Mavs Dirk Nowitzki
100%
10 Lakers Kobe Bryant
100%
1 Cavs Lebron James
100%
2 Bulls Michael Jordan
100%
7 Lakers Shaquille O'Neal
100%
11 Spurs Tim Duncan
100%
8 Celtics Bill Russell
91%
29 Heat Dwyane Wade
91%
19 Bucks Giannis Antetokounmpo
91%
14 Rockets Hakeem Olajuwon
91%
24 Pistons Isiah Thomas
91%
36 Rockets James Harden
91%
13 Lakers Jerry West
91%
37 Nets Julius Erving
91%
3 Lakers Kareem Abdul-Jabbar
91%
25 Jazz Karl Malone
91%
15 Thunder Kevin Durant
91%
6 Celtics Larry Bird
91%
5 Lakers Magic Johnson
91%
21 76ers Moses Malone
91%
17 Nuggets Nikola Jokic
91%
22 Bulls Scottie Pippen
91%
4 Warriors Stephen Curry
91%
9 76ers Wilt Chamberlain
91%
18 76ers Allen Iverson
82%
34 Jazz John Stockton
82%
16 Timberwolves Kevin Garnett
82%
35 Thunder Russell Westbrook
82%
28 Celtics John Havlicek
73%
12 Bucks Oscar Robertson
73%
32 Knicks Patrick Ewing
73%
23 Spurs David Robinson
64%
30 Suns Steve Nash
64%
33 Hornets Chris Paul
55%
38 Hawks Dominique Wilkins
55%
26 Lakers Elgin Baylor
55%
40 Celtics Bob Cousy
45%
39 Hawks Bob Pettit
45%
27 Knicks Willis Reed
45%
31 Knicks Jason Kidd
27%
No matching quizzes found
Score Distribution
Percent of People with Each Score
Percentile by Number Answered
Your Score History
You have not taken this quiz since the last reset